Nemecko-ruské vzťahy v kontexte krízy na Ukrajine
Sumarizácia a analýza vývoja vzťahov Nemecka a Ruska po vypuknutí konfliktu na Ukrajine v roku 2014. Zachytenie postupného vývinu vzťahov už spred obdobia krízy na Ukrajine po súčasnosť. Identifikácia udalostí, ktoré negatívne alebo pozitívne vplývajú na súčasný stav vzťahov. Dopad plynovodu Nord St...
Enregistré dans:
| Auteur principal: | |
|---|---|
| Format: | Chapitre de livre |
| Langue: | slovaque |
| Sujets: | |
| Tags: |
Pas de tags, Soyez le premier à ajouter un tag!
|
MARC
| LEADER | 00000naa$a2200000$$$4500 | ||
|---|---|---|---|
| 001 | 0259125 | ||
| 005 | 20240502074111.3 | ||
| 041 | 0 | |a slo | |
| 044 | |a SK | ||
| 245 | 1 | 0 | |a Nemecko-ruské vzťahy v kontexte krízy na Ukrajine |c Andrej Zrak |
| 520 | |a Sumarizácia a analýza vývoja vzťahov Nemecka a Ruska po vypuknutí konfliktu na Ukrajine v roku 2014. Zachytenie postupného vývinu vzťahov už spred obdobia krízy na Ukrajine po súčasnosť. Identifikácia udalostí, ktoré negatívne alebo pozitívne vplývajú na súčasný stav vzťahov. Dopad plynovodu Nord Stream 2 na politickú situáciu v Európe. | ||
| 610 | 2 | 0 | |a vzťahy politické medzinárodné |
| 610 | 2 | 0 | |a konflikty medzinárodné |
| 610 | 2 | 0 | |a Ukrajina |
| 610 | 2 | 0 | |a Rusko |
| 610 | 2 | 0 | |a Nemecko |
| 610 | 2 | 0 | |a plynovody |
| 610 | 2 | 0 | |a situácia politická |
| 610 | 2 | 0 | |a kríza |
| 100 | 1 | |a Zrak, Andrej, 1993- | |